| 000 | 00399pab a2200169 454500 | ||
|---|---|---|---|
| 008 | 180718b2012 xxu||||| |||| 00| 0 eng d | ||
| 100 | _aHaokip, George T. | ||
| 245 | _aKuki - Chin - Mizo Jewish identily in Northeast India | ||
| 260 | _c2012 | ||
| 300 | _ap.79-91. | ||
| 362 | _aJan - Mar | ||
| 650 | _aTribes | ||
| 650 | _aIdently | ||
| 773 | _aMan in India | ||
| 908 | _aN | ||
| 909 | _a96911 | ||
| 999 |
_c96911 _d96911 |
||